Transcultural nursing : (رقم التسجيلة. 31587)

تفاصيل مارك
000 -الفاتح
حقل البيانات ثابتة الطول 01461cam a22003138a 4500
001 - رقم الضبط
رقم الضبط 17022578
003 - محدد رقم الضبط
رقم الضبط OSt
005 - وقت وتاريخ اخر تعامل مع التسجيلة
رقم الضبط 20150408114146.0
008 - عناصر البيانات ثابتة الطول - معلومات عامة
حقل البيانات ثابتة الطول 111025s2012 mou b 001 0 eng
010 ## - رقم ضبط مكتبة الكونجرس
رقم ضبط مكتبة الكونجرس 2011044493
020 ## - الرقم الدولى المعيارى للكتب
الرقم الدولى المعيارى للكتاب 9780323083799 (pbk. : alk. paper)
035 ## - رقم ضبط النظام
رقم ضبط النظام (DNLM)101571756
040 ## - مصدر الفهرسة
وكالة الفهرسة الأصلية DNLM/DLC
وكالة النسخ DLC
042 ## - رمز التحقق
رمز التحقق pcc
060 10 - رقم الطلب بالمكتبة الطبية الوطنية
رقم التصنيف WY 107
082 00 - رقم تصنيف ديوى العشرى
رقم التصنيف 610.73
رقم الطبعة 23
رقم المادة TRN
245 00 - بيان العنوان
العنوان Transcultural nursing :
بقية العنوان assessment & interventions /
بيان المسئوليه,etc [edited by] Joyce Newman Giger.
250 ## - بيان الطبعة
بيان الطبعة 6th ed.
260 ## - PUBLICATION, DISTRIBUTION, ETC. (IMPRINT)
مكان الناشر او الموزع St. Louis, Mo. :
اسم الناشر او الموزع Elsevier/Mosby,
تاريخ النشر أو التوزيع c2012.
263 ## - تاريخ النشر المتوقع
تاريخ النشر المتوقع 1203
300 ## - الوصف المادى
التعداد p. ;
أبعاد الوعاء cm.
504 ## - تبصرة ببليوجرافية
تبصرة ببليوجرافية,الخ Includes bibliographical references and index.
505 0# - تبصرة محتويات-الفهرس
تبصرة المحتويات المصاغة Introduction to transcultural nursing -- Communication -- Space -- Social organization -- Time -- Environmental control -- Biological variations -- African-Americans -- Mexican Americans -- Navajos -- Appalachians -- American Eskimos : the Yup'ik and Inupiat -- Japanese Americans -- Afghans and Afghan Americans -- Russian Americans -- Chinese Americans -- Filipino Americans -- Vietnamese Americans -- East Indian Hindu Americans -- Haitian Americans -- Jewish Americans -- Korean Americans -- French Canadians of Quebec origin -- Puerto Rican Americans.
650 12 - المدخل الاضافى بالموضوع-مصطلح موضوعى
مصطلح موضوعي أو اسم جغرافي كعنصر مدخل Transcultural Nursing.
650 22 - المدخل الاضافى بالموضوع-مصطلح موضوعى
مصطلح موضوعي أو اسم جغرافي كعنصر مدخل Nursing Assessment.
700 1# - المدخل الاضافى - اسم شخصى
الإسم الشخصى Giger, Joyce Newman.
9 (RLIN) 38619
906 ## - عنصر بيانات محلى F, LDF (RLIN)
a 7
b cbc
c orignew
d 1
e ecip
f 20
g y-gencatlg
942 ## - عناصر المدخل الإضافي( كوها)
مصدر التصنيف او مخطط الترفيف Dewey Decimal Classification
Koha [default] item type كتاب
المقتنيات
حالة الفقد نموذج السعر الفعال حالة تلف ليس للاعارة رقم الطلب تاريخ الاكتساب الموقع الحالي الباركود الفرع الرئيسي Date last seen نوع المادة فى نظام كوها مصدر التصنيف او خطة الترفيف Total Checkouts
  2013-10-30     610.73 TRN 2013-10-30 المكتبة المركزية بالمجمعة (CL) 00402732 المكتبة المركزية بالمجمعة (CL) 2013-10-30 كتاب Dewey Decimal Classification  
  2013-10-30     610.73 TRN 2013-10-30 المكتبة المركزية بالمجمعة (CL) 00402733 المكتبة المركزية بالمجمعة (CL) 2013-10-30 كتاب Dewey Decimal Classification  
  2013-10-30     610.73 TRN 2013-10-30 المكتبة المركزية بالمجمعة (CL) 00402734 المكتبة المركزية بالمجمعة (CL) 2013-10-30 كتاب Dewey Decimal Classification  
  2013-10-30     610.73 TRN 2013-10-30 مكتبة كلية العلوم الطبية التطبيقية بالمجمعة - طالبات (AMF) 00402735 مكتبة كلية العلوم الطبية التطبيقية بالمجمعة - طالبات (AMF) 2013-10-30 كتاب Dewey Decimal Classification  
  2013-10-30     610.73 TRN 2013-10-30 مكتبة كلية العلوم الطبية التطبيقية بالمجمعة - طالبات (AMF) 00402736 مكتبة كلية العلوم الطبية التطبيقية بالمجمعة - طالبات (AMF) 2013-10-30 كتاب Dewey Decimal Classification  
  2013-10-30     610.73 TRN 2013-10-30 مكتبة كلية العلوم الطبية التطبيقية بالمجمعة - طالبات (AMF) 00402737 مكتبة كلية العلوم الطبية التطبيقية بالمجمعة - طالبات (AMF) 2013-10-30 كتاب Dewey Decimal Classification